Financial Literacy and Investment Decision: (Record no. 216864)

MARC details
000 -LEADER
fixed length control field 00677nam a22001937a 4500
005 - DATE AND TIME OF LATEST TRANSACTION
control field 20260703121159.0
010 ## - LCCN (DPL NO)
LC control number ENG-148983
020 ## - INTERNATIONAL STANDARD BOOK NUMBER
Terms of availability 600.00
International Standard Book Number 9789385640834
035 ## - SYSTEM CONTROL NUMBER
System control number EN-132515
037 ## - SOURCE OF ACQUISITION
Source of stock number/acquisition DBAD
082 ## - DEWEY DECIMAL CLASSIFICATION NUMBER
Classification number 332.644
100 ## - MAIN ENTRY--PERSONAL NAME
Personal name Jariwala, Harsha V.
245 ## - TITLE STATEMENT
Title Financial Literacy and Investment Decision:
Remainder of title A Case of India Investors/
Statement of responsibility, etc Harsha V. Jariwala
250 ## - EDITION STATEMENT
Edition statement 1
260 ## - PUBLICATION, DISTRIBUTION, ETC. (IMPRINT)
Name of publisher, distributor, etc Archers & Elevators Publishing House
Place of publication, distribution, etc Bangalore
Date of publication, distribution, etc 2016
270 ## - ADDRESS
Address 131 AGB Lay Out, 6"Cross, Hesaraghatta,Main Road
City Bangalore
Postal code 560090
Telephone number 9164362263
Electronic mail address archerselevators@gamail.com
300 ## - PHYSICAL DESCRIPTION
Extent 283p.
Dimensions 24cm(pb)
942 ## - ADDED ENTRY ELEMENTS (KOHA)
Source of classification or shelving scheme Dewey Decimal Classification
Item type English Books
Classification part 332.644
Call number suffix JAR
Holdings
Withdrawn status Lost status Not for loan Collection code Home library Current library Date acquired Source of acquisition Cost, normal purchase price Full call number Barcode Copy number Cost, replacement price Koha item type
    Not For Loan Non-fiction D.B.Act.Division D.B.Act.Division 03/07/2026 Delivery of Books Act Division 600.00 332.644 JAR EN-132515 1 600.00 English Books

© Delhi Public Library
Hit Counter
free hit counter